Elephant - Tame Impala (All Lyrics) - Statistics

General Stats
  • This quiz has been taken 21 times
  • The average score is 70 of 148
Answer Stats
Answer % Correct
elephant
100%
he
100%
He
100%
a
94%
an
94%
his
94%
like
94%
of
94%
the
94%
big
88%
for
88%
it
88%
trunk
88%
hell
81%
feels
75%
be
69%
grey
69%
Shaking
69%
that
69%
He's
56%
knows
56%
look
56%
to
56%
Well
56%
are
50%
No
50%
off
50%
Too
50%
too
50%
Yeah
50%
but
44%
by
44%
doesn't
44%
got
44%
him
44%
in
44%
is
44%
it's
44%
looks
44%
not
44%
they
44%
when
44%
And
38%
back
38%
Cadillac
38%
end
38%
friends
38%
mirrors
38%
on
38%
who
38%
chances
31%
get
31%
Here
31%
how
31%
if
31%
just
31%
loved
31%
Oh
31%
scared
31%
slim
31%
There
31%
there
31%
'til
31%
bad
25%
comes
25%
down
25%
easily
25%
looking
25%
Mr.
25%
now
25%
one
25%
Somebody
25%
That's
25%
your
25%
about
19%
being
19%
care
19%
'Cause
19%
collar
19%
cried
19%
fear
19%
grabbed
19%
much
19%
stairs
19%
way
19%
whole
19%
Wouldn't
19%
you're
19%
again
13%
ask
13%
coming
13%
disappeared
13%
dreaming
13%
home
13%
must
13%
pulled
13%
shy
13%
thing
13%
top
13%
dark
6%
deep
6%
fact
6%
opinion
6%
remembered
6%
saw
6%
simple
6%
something
6%
talks
6%
hey
0%
Shuck
0%
No matching quizzes found
Score Distribution
Percent of People with Each Score
Percentile by Number Answered
Your Score History
You have not taken this quiz